| 000 | 00857nam a22003017a 4500 | ||
|---|---|---|---|
| 001 | 0017252 | ||
| 003 | KOHA_MİRAKIL | ||
| 005 | 20260207002132.0 | ||
| 007 | ta | ||
| 008 | 100517b1998 tu |||gr||||#||||0|tur | | ||
| 020 |
_a975765139 _cTL0,01 |
||
| 040 |
_aTR-BiSEU _btur _cTR-BiSEU _erda |
||
| 041 | 0 | _atur | |
| 044 | _ctu | ||
| 050 |
_aML3758 _b.T87 2006 |
||
| 245 | 0 |
_aTürk sanat müziği antolojisi : _bO-Z. |
|
| 264 | 1 |
_aAnkara : _bTRT _c1998 |
|
| 300 | _a3 c.; 30 cm. | ||
| 336 |
_ametin _btxt _2rdacontent |
||
| 337 |
_aaracısız _bn _2rdamedia |
||
| 338 |
_acilt _bnc _2rdacarrier |
||
| 490 | 1 |
_aTRT Müzik Dairesi Başkanlığı yayınları ; _vNo. |
|
| 490 | 1 | _a89 | |
| 650 | 0 |
_aTürk sanat müziği--Antoloji. _939982 |
|
| 830 | 1 |
_aTRT Müzik Dairesi Başkanlığı yayınları ; _vNo. _939983 |
|
| 830 | 1 |
_a89 _919638 |
|
| 942 |
_2lcc _cBK |
||
| 999 |
_c17209 _d17209 |
||